Sports Quiz

Random Sports or NFL Quiz

QB Scramble Quiz Stats

 Plays Quiz not verified by Sporcle

Score 0/20 Timer 03:00
0 Plays Today
Clue Quarterback % Correct
omroromo
95%
ebresbrees
90.9%
hnenehenne
90.9%
vrefafavre
89.7%
kptaztfriicfitzpatrick
85.9%
rreoegtrhelbsiroethlisberger
85.6%
gnminanmanning
81.8%
yarnryan
78.6%
rcuetlcutler
77.4%
dybarbrady
76.8%
Clue Quarterback % Correct
lermappalmer
75.7%
srevirrivers
75.1%
bcanbmmcnabb
73%
bhscuaschaub
70.7%
ntoroorton
67.7%
dadborfrbradford
63.9%
llmcbeapcampbell
60.7%
chnszaesanchez
59.8%
dfroftsastafford
54.5%
grdrseorodgers
50.4%

You're not logged in!

Compare scores with friends on all Sporcle quizzes.
OR
Log In

Show Comments

Extras

Created Oct 31, 2010ReportNominate
Tags:NFL Quiz, last, Quarterbacks, scramble

Top Quizzes Today


Score Distribution

Your Account Isn't Verified!

In order to create a playlist on Sporcle, you need to verify the email address you used during registration. Go to your Sporcle Settings to finish the process.

Report this User

Report this user for behavior that violates our Community Guidelines.

Details: